000 00568nam a22001457a 4500
020 _a9789351116257
082 _a301.1608
100 _aDr.Poonam Rani
245 _aSociology of mass communication
260 _aNew delhi
_bRandom publications
_c2015
300 _a295p
942 _cBK
999 _c2579
_d2579